The war in South Africa / (Record no. 552831)
[ view plain ]
| 000 -LEADER | |
|---|---|
| fixed length control field | 01067cam a22001931a 4500 |
| 082 ## - DEWEY DECIMAL CLASSIFICATION NUMBER | |
| Classification number | 968.048 |
| Author Mark | WAR |
| 110 1# - MAIN ENTRY--CORPORATE NAME | |
| Corporate name or jurisdiction name as entry element | Prussia (Kingdom). |
| 9 (RLIN) | 49435 |
| 245 14 - TITLE STATEMENT | |
| Title | The war in South Africa / |
| Statement of responsibility, etc. | Prepared in the Historical section of the Great General Staff, Berlin. Authorised translation by Colonel W. H. H. Waters. |
| 260 ## - PUBLICATION, DISTRIBUTION, ETC. | |
| Place of publication, distribution, etc. | London : |
| Name of publisher, distributor, etc. | J. Murray, |
| Date of publication, distribution, etc. | 1904. |
| 300 ## - PHYSICAL DESCRIPTION | |
| Extent | ix, 280 p., 2 plates : |
| Other physical details | 8 folded maps ; |
| Dimensions | 23 cm. |
| 500 ## - GENERAL NOTE | |
| General note | Includes index. |
| 500 ## - GENERAL NOTE | |
| General note | Part of a work originally published in German under title: "Erfahrungen aussereuropäischer Kriege neuester Zeit, I: Aus dem südafrikanischen Kriege, 1899 bis 1902," in Kriegsgeschichtliche Einzelschriften. This section appeared as hft. 32 and part of hft. 33. |
| 505 0# - FORMATTED CONTENTS NOTE | |
| Formatted contents note | Colenso and Magersfontein -- Operations in the western theatre of war from the assumption of command by Lord Roberts until the surrender of Cronje. |
| 526 ## - STUDY PROGRAM INFORMATION NOTE | |
| Program name | 0 |
| Interest level | 0 |
| Reading level | 0 |
| Title point value | 968_048000000000000_WAR |
| 650 #0 - SUBJECT ADDED ENTRY--TOPICAL TERM | |
| Topical term or geographic name entry element | MCE |
| 9 (RLIN) | 379 |
| 650 #0 - SUBJECT ADDED ENTRY--TOPICAL TERM | |
| Topical term or geographic name entry element | South African War, 1899-1902. |
| 9 (RLIN) | 37963 |
| 700 1# - ADDED ENTRY--PERSONAL NAME | |
| Personal name | Waters, W. H. H. |
| 9 (RLIN) | 50076 |
| 942 ## - ADDED ENTRY ELEMENTS (KOHA) | |
| Source of classification or shelving scheme | |
| Koha item type | Book |
| Withdrawn status | Lost status | Source of classification or shelving scheme | Damaged status | Not for loan | Permanent Location | Current Location | Shelving location | Date acquired | Total Checkouts | Full call number | Barcode | Date last seen | Price effective from | Koha item type |
|---|---|---|---|---|---|---|---|---|---|---|---|---|---|---|
| Military College of Engineering (MCE) | Military College of Engineering (MCE) | 01/23/2015 | 968.048 WAR | MCE-ECW/58 | 01/23/2015 | 01/23/2015 | Book |
